000 00303nam a22001337a 4500
008 170529b xxu||||| |||| 00| 0 eng d
020 _a9780471406464
041 _aeng
080 _25TH
_a621
100 _a27
101 _aIM
245 _aENGINEERING MECHANICS/ STATISTICS
_cMERIAM
942 _2udc
_cBK
999 _c14770
_d14770